Normal view
MARC view
- Hiroshi Ishiguro
Entry Personal Name
001 - CONTROL NUMBER
- control field: 125872
003 - CONTROL NUMBER IDENTIFIER
- control field: NUST
005 - DATE AND TIME OF LATEST TRANSACTION
- control field: 20240916182247.0
008 - FIXED-LENGTH DATA ELEMENTS
- fixed length control field: 240916|| aca||aabn | a|a d
040 ## - CATALOGING SOURCE
- Original cataloging agency: NUST
- Transcribing agency: NUST
100 ## - HEADING--PERSONAL NAME
- Personal name: Hiroshi Ishiguro
670 ## - SOURCE DATA FOUND
- Source citation: Work cat.: (NUST): Kanda, Takayuki 125871, Human-Robot Interaction in Social Robotics /, 2013.
